Aj BHS 2000 sa chce priblížiť Európe

Bibliographic Details
Main Author: Blahynka, Miloslav, 1961-2011 (Author)
Format: Article
Language:Slovak
PhysicalDescription:Fotogr.
Subjects:

MARC

LEADER 00000nab a2200000 a 4500
001 vtls000749614
003 SK-MaSNL
005 20260302191604.0
008 180205c2000 xo 0 slo
015 |a SNBRB2001/02-06055 
035 |a CLN000101421 
040 |a SNKBUCL  |b slo  |c SNKBUCL  |e AACR2 
041 0 |a slo 
044 |a xo  |c SK 
080 |a 78.091.4  |2 UDC-MRF-SK2 
100 1 |a Blahynka, Miloslav,  |d 1961-2011  |4 aut  |9 102187 
245 1 0 |a Aj BHS 2000 sa chce priblížiť Európe  |c Miloslav Blahynka 
300 |b Fotogr. 
611 2 7 |a Bratislavské hudobné slávnosti  |n (36. :  |d 2000 :  |c Bratislava, Slovensko)  |2 snkbucl  |9 95422 
655 7 |a články z novín a časopisov  |2 snkbucl  |9 267496 
773 0 |t Mosty  |g Roč. 9, č. 42 (2000), s. 13 
850 |a Slovenská národná knižnica v Martine 
852 |a SNK  |b KIS3GCP 
958 |a RBX 
999 |c 1437865  |d 1439795